000 01222cam a2200397 a 4500
001 22660
003 SK-KTurca
005 20260415135806.0
008 240226s1981 xo o gr 000 m slo
015 _aSNBA1981/11
020 _q(viazané)
035 _aSNK000046379
035 _a2C07A4B7-1C05-440E-B956-9FBEC2AA92DC
035 _aurn:nbn:sk:snk-am00igvj
040 _aSNK
_bslo
_cSNK
_eAACR2
041 1 _aslo
_hjpn
044 _axo
_cSK
072 7 _a821.521
_xJaponská literatúra
_2konspekt
080 _a(0:82-96)
_22011
080 _a821.521-3
_22011
100 1 _aOnoda, Hiroo,
_d1922-2014
_4aut
240 1 0 _aWaga sanjúnen senso
_lSlovensky
245 1 0 _aMoja tridsaťročná vojna
_cHiroo Onoda ; Karol Kuťka
250 _a1. vyd.
260 _aBratislava
_bPravda
_c1981
_eŽilina
_fPravda
300 _a233 s.
_bfotografie
_c21 cm
366 _e6000 výtl.
500 _aMp. na predsádkach. Ilustr. na front.
655 7 _ajaponské prózy
_2SNKPH
655 7 _aliteratúra faktu
_2SNKPH
655 7 _aJapanese prose literature
_2SNKPHeng
655 7 _aNon fiction
_2SNKPHeng
700 1 _aKuťka, Karol,
_d1951-
_4trl
942 _2ddc
_cOLDO
_n0
999 _c22660
_d22660